|
|
|
|
| LEADER |
01014nam a2200277 a 4500 |
| 001 |
13950145 |
| 008 |
100830s2006 nyua f 001 0 eng d |
| 999 |
|
|
|c 9522
|d 9522
|
| 010 |
|
|
|a 2005012849
|
| 020 |
|
|
|a 1579907067 (pbk.)
|
| 020 |
|
|
|a 9781579907068
|
| 040 |
|
|
|a DLC
|c DLC
|d QBX
|d BAKER
|d VP@
|d OCO
|d DLC
|d DB-DhAAL
|
| 082 |
0 |
0 |
|a 775
|2 22
|
| 100 |
1 |
|
|a Freeman, Michael,
|d 1945-
|9 32208
|
| 245 |
1 |
0 |
|a Mastering color digital photography /
|c Michael Freeman.
|
| 246 |
3 |
0 |
|a Color digital photography
|
| 260 |
|
|
|a New York :
|b Lark Books,
|c c2006.
|
| 300 |
|
|
|a 160 p. :
|b col. ill. ;
|c 24 cm.
|
| 490 |
0 |
|
|a A Lark photography book
|
| 500 |
|
|
|a Includes index.
|
| 526 |
|
|
|a ARC
|
| 541 |
1 |
|
|e 00020854
|
| 650 |
|
0 |
|a Color photography
|x Digital techniques
|v Handbooks, manuals, etc.
|9 32209
|
| 852 |
4 |
|
|a Ayesha Abed Library
|j General Shelf.
|
| 942 |
|
|
|2 ddc
|c BK
|
| 952 |
|
|
|0 0
|1 0
|2 ddc
|4 0
|6 775_FRE_200600000000000
|7 0
|9 11987
|a BRACUL
|b BRACUL
|c GEN
|d 2010-09-22
|l 27
|m 177
|o 775 FRE
|p 3010020854
|r 2026-05-20
|s 2026-04-08
|t 1
|w 2010-09-22
|y BK
|